000 00577nam a2200229 a 4500
999 _c4972
_d4972
001 4972
003 BD-JhCC
005 20171206102252.0
008 171206s1950 neya|||| || | 000 0 eng d
035 _a(BD-JhCC)4972
040 _aBD-JhCC
_dBD-JhCC
041 _aeng
082 _a919.03
_bMAC 1950
100 _aMacinnes, Colin
245 _aAustralia and New Zealand /
_cColin Macinnes,
260 _aNew York :
_bTime-Life Books,
_c1950.
300 _a160 p. :
_c28 cm.
650 _aTravel
_zAustralia
650 _zNew Zealand
942 _2ddc
_cBK